| 000 | 00717nam a22002177a 4500 | ||
|---|---|---|---|
| 999 |
_c3616 _d3616 |
||
| 003 | AR-CdUCM | ||
| 008 | 190306b ||||| |||| 00| 0 spa d | ||
| 020 | _a978-612-00-2156-9 | ||
| 040 |
_aMUNICIPALIDAD PROVINCIAL DEL CUSCO _cBIBLIOTECA MUNICIPAL DEL CUSCO |
||
| 082 |
_a301 / _bR44 |
||
| 100 |
_aRestrepo, Eduardo _911811 |
||
| 245 | _aEscuelas clásicas del pensamiento antropológico / | ||
| 260 |
_aCusco : _bImpresiones Gráficas Meta Color, _c2016. |
||
| 300 |
_a78 páginas ; _c21 cm. |
||
| 650 |
_aAntropología _9878 |
||
| 650 |
_aMaterialismo Cultural _911812 |
||
| 650 |
_aAntropología marxista-estructural _911813 |
||
| 700 |
_aTorres Lezama, Vicente _911814 |
||
| 942 |
_2ddc _cLIBROS |
||
| 945 | _araen | ||